000 01034nam a2200301 4500
001 0000017141
003 CO-CtgCURN
005 20250512182541.0
007 ta
008 160627s1999 000 0 eng d
020 _a9588087007
040 _aCO-CtgCURN
_bspa
_ccoctgcurn
082 0 _a343.09
_bB37c
100 1 _aBernal Acevedo, Gloria.
245 1 0 _aIniciacion al saber penal /
_cGloria Bernal Acevedo.
260 _aBogotá :
_bEdiciones Juridicas Gustavo Ibañez,
_c1999.
300 _a329 p.
336 _2rdacontent
337 _2rdamedia
_asin mediacion
_bn
338 _2rdacarrier
_avolumen
_bnc
500 _aIncluye indice.
504 _aBibliografia (p. 313-316)
505 8 _aUbicacion del derecho penal.--Derecho penal en sentido objetivo.--Caracteristica del derecho penal en sentido objetivo.--Fuentes del derecho penal
650 1 4 _aDerecho penal
_zColombia.
908 _a160627
942 _cBK
_h343.09
_iB37c
_2ddc
_n0
999 _c19440
_d19440